000 00232nam a2200085Ia 4500
245 0 _aScooby-Doo!The secret santa mystery
100 _a HERMAN, Gail New Delhi, 2009
942 _cBK
008 210818s9999 xx 000 0 und d
999 _c462941
_d462940